Reportajes históricos de Cassá de la Selva / (Record no. 85465)

MARC details
000 -LEADER
campo de control de longitud fija 00491nam a2200157 i 4500
001 - NÚMERO DE CONTROL
campo de control 85465
003 - IDENTIFICADOR DE NÚMERO DE CONTROL
campo de control ES-MaACL
005 - FECHA Y HORA DE LA ÚLTIMA TRANSACCIÓN
campo de control 20230906175240.0
007 - CAMPO FIJO DE DESCRIPCIÓN FÍSICA--INFORMACIÓN GENERAL
campo de control de longitud fija t|
008 - DATOS DE LONGITUD FIJA--INFORMACIÓN GENERAL
campo de control de longitud fija 041129s1958 sp ||||1| spa d
100 1# - ENTRADA PRINCIPAL--NOMBRE DE PERSONA
Nombre de persona Juanola Benet, Miguel.
9 (RLIN) 67152
245 10 - MENCIÓN DEL TÍTULO
Título Reportajes históricos de Cassá de la Selva /
Mención de responsabilidad, etc. por Miguel Juanola Benet.
260 ## - PUBLICACIÓN, DISTRIBUCIÓN, ETC.
Lugar de publicación, distribución, etc. [S.l. :
Nombre del editor, distribuidor, etc. s.n.,
Fecha de publicación, distribución, etc. 1958] (
Lugar de fabricación/manufactura Cassá de la Selva :
Fabricante Imp. Duch)
300 ## - DESCRIPCIÓN FÍSICA
Extensión 327 p. :
Otras características físicas il. ;
Dimensiones 17 cm.
852 ## - LOCALIZACIÓN
Ubicación ES-MaACL
Número de control de estantería C-42523
Sublocalización o colección R.73524
Holdings
Estatus retirado Estado de pérdida Estado de daño No para préstamo Biblioteca de origen Biblioteca actual Ubicación en estantería Fecha de adquisición Fuente de adquisición Total de préstamos Signatura topográfica completa Código de barras Visto por última vez Precio de reemplazo Tipo de ítem Koha
        Biblioteca del Ateneo de Madrid Biblioteca del Ateneo de Madrid Depósito 2 17/01/2008     C-42523 1089308 23/02/2023 23/02/2023 Libro impreso